Artists / Singers by their Songs #22 - Statistics

General Stats
  • This quiz has been taken 108 times
  • The average score is 5 of 10
Answer Stats
Hint Answer % Correct
Wannabe / 2 Become 1 / Spice Up Your Life / Viva Forever Spice Girls
92%
Wuthering Heights / Running Up That Hill / Moments Of Pleasure / Don't Give Up Kate Bush
76%
Dynamite / Butter / Boy With Luv / Life Goes On BTS
67%
Bye Bye Bye / I Want You Back / This I Promise You / It's Gonna Be Me NSYNC
67%
Let’s Get It On / Ain't No Mountain High Enough / I Heard It Through the Grapevine / Sexual Healing Marvin Gaye
61%
Beautiful Things / Slow It Down / In The Stars / Ghost Town Benson Boone
53%
I Got You (I Feel Good) / It's a Man's Man's Man's World / Please, Please, Please / Papa’s Got a Brand New Bag James Brown
43%
Somewhere Only We Know / Everybody's Changing / Is It Any Wonder? / This Is the Last Time Keane
42%
World's Smallest Violin / Bang! / Weak / I'm Ready AJR
28%
Merry Go 'Round / Follow Your Arrow / I Remember Everything / Butterflies Kacey Musgraves
13%
No matching quizzes found
Score Distribution
Percent of People with Each Score
Percentile by Number Answered
Your Score History
You have not taken this quiz